1247 1686 1133 1397 1677 1739 1970 1458 1329 1600 1956 1838 1730 1338 1972 1879 1927 1018 1127 1140 1259 1768 1553 1428 1612 1056 1288 1008 1870 1478 1160 1059 1923 1147 1493 1854 1167 1981 1848 1603 1437 1026 1555 1745 1382 1264 1580 1631 1401 1551 1066 1646 1025 1955 1035 1332 1218 1198 1393 1196 1165 1319 1785 1246 1729 1079 1202 1029 1351 1100 1542 1860 1791 1532 1000 1961 1189 1911 1229 1158 1955 1753 1963 1385 1766 1701 1919 1066 1618 1894 1327 1784 1133 1489 1851 1320 1886 1963 1855 BCNSPRNW ULIB Ver.6.0+V

เปลี่ยนเป็นภาษาไทย

Change to English
 แสดงรายละเอียดบรรณานุกรม
  กลับหน้าหลัก

Brief Record : Get Marc (ISO 2709) : E-mail record : QR code < ปิดหน้าต่าง
LEADER : 00000nam 2200000uu 4500
001    13399113932
003     ULIB
008    110320s||||||||th 000 0 tha d
099    วจ.WY16^bพ516ป
100 0  พัชรบูรณ์ ศรีวิชัย
245 00 ปัจจัยที่มีผลต่ออิทธิพลต่อการตัดสินใจเลือกทำงานในสถานบริการสุขภาพ ของนักศึกษาหลักสูตรพยาบาลศาสตร์บัณฑิตชั้นปีที่ 4 วิทยาลัยเครือข่ายภาคเหนือ/^cพัชรบูรณ์ ศรีวิชัย,วาสนา กันคำ,วัชรี ไชยจันดี,พวงผกา คำดี และ อัมพร ยานะ
260    พะเยา :^bวิทยาลัยพยาบาลบรมราชชนนี พะเยา,^c2552
300    82 หน้า :^bตาราง
500    รายงานการวิจัย
650  7 การเลือกทำงาน^xนักศึกษาพยาล^xวิจัย
700 0  วาสนา กันคำ
700 0  วัชรี ไชยจันดี
700 0  พวงผกา คำดี
700 0  อัมพร ยานะ
710 2  วิทยาลัยพยาบาลบรมราชชนนี. ^bพะเยา
945    ^p0^l0^i030963
995    ทศพร
999 ^a ใช้งานได้ทุกระบบ
รายการนี้ยังไม่มีแท็ก
คุณยังไม่ได้ล็อกอิน คุณสามารถมีกิจกรรมร่วมกับเว็บไซต์ได้ แต่ต้องล็อกอินก่อน ::
  ล็อกอิน

รายการสื่อสารสนเทศ

ลำดับที่ ประเภท เลขเรียก/บาร์โค้ด สถานที่ สถานะ
1. งานวิจัย
งานวิจัย
วจ.WY16 พ516ป ฉ.1 
  Barcode: 030963
ห้องสมุดวิทยาเขตสวรรค์ประชารักษ์
►วิจัย
บนชั้น

BibComment


ยังไม่เคยถูกคอมเมนท์

คอมเมนท์ทรัพยากรรายการนี้
  คอมเมนท์: ปัจจัยที่มีผลต่ออ..


 Copyright 2026. Bcnsprnw @Library